| 000 | 00322nam a22001337a 4500 | ||
|---|---|---|---|
| 999 |
_c528270 _d528270 |
||
| 003 | NUST | ||
| 038 | _amsohail | ||
| 082 |
_a388.1 _bDOT |
||
| 100 |
_aUS Dept of Transportation _919968 |
||
| 245 | _aEconomics Pricing , Demand and Economic.. | ||
| 260 |
_aNewJersy _bFHWA _c2008 |
||
| 300 |
_a19, p: _c23cm |
||
| 942 |
_2ddc _cBK |
||